000 02179cam a2200613 i 4500
001 3175
003 FISKH
005 20250710103726.0
008 180116t20162015nyua j 000 1 eng d
010 _a 2017299590
020 _a9780545928908
020 _a0545928907
020 _a9781407156637
035 _a(OCoLC)ocn949888116
040 _aBVD
_beng
_cBVD
_erda
_dOCLCO
_dOCLCF
_dOCLCO
_dIEU
_dOCLCO
_dOCL
_dOCLCO
_dTDS
_dDLC
042 _alccopycat
050 0 0 _aPZ7.1.C634
_bMag 2016
082 _a823.92
100 1 _aCoe, Catherine,
245 1 2 _aA magical beginning /
_cCatherine Coe.
260 _aLondon :
_bScholastic,
_c2015.
300 _a83 pages :
_billustrations ;
_c20 cm.
336 _atext
_btxt
_2rdacontent
337 _aunmediated
_bn
_2rdamedia
338 _avolume
_bnc
_2rdacarrier
490 1 _aThe owls of Blossom Wood ;
_vBook 1
505 _aR
520 _aWhen Katie, Eva, and Alex hide inside a hollow tree trunk, they find themselves taken to a magical forest where they're no longer girls ... they're owls! Can the three best friends help the animals of Blossom Wood save the precious Moon Chestnut tree?
521 _a750
_bLexile
521 _aR
_bRaz-Plus
650 0 _aAnimals
_vJuvenile fiction.
650 0 _aOwls
_vJuvenile fiction.
650 0 _aMagic
_vJuvenile fiction.
650 1 _aGirls
_vFiction.
650 1 _aFriendship
_vFiction.
650 1 _aAnimals
_vFiction.
650 1 _aOwls
_vFiction.
650 1 _aMoles (Animals)
_vFiction.
650 1 _aHuman-animal relationships
_vFiction.
650 1 _aMagic
_vFiction.
650 1 _aImagination
_vFiction.
650 1 _aForests and forestry
_vFiction.
650 1 _aTrees
_vFiction.
650 7 _aAnimals.
_2fast
_0(OCoLC)fst00809468
650 7 _aMagic.
_2fast
_0(OCoLC)fst01005468
650 7 _aOwls.
_2fast
_0(OCoLC)fst01049507
655 1 _aRabbits
_vFiction.
655 7 _aFantasy fiction.
_2fast
_0(OCoLC)fst01726607
655 7 _aJuvenile works.
_2fast
_0(OCoLC)fst01411637
655 7 _aFiction.
_2fast
_0(OCoLC)fst01423787
655 7 _aFantasy fiction.
_2lcgft
906 _a7
_bcbc
_ccopycat
_d2
_encip
_f20
_gy-gencatlg
942 _2ddc
_cBK
_n0
999 _c3175
_d3175